<?xml version="1.0" encoding="UTF-8"?>
<record
    xmlns:xsi="http://www.w3.org/2001/XMLSchema-instance"
    xsi:schemaLocation="http://www.loc.gov/MARC21/slim http://www.loc.gov/standards/marcxml/schema/MARC21slim.xsd"
    xmlns="http://www.loc.gov/MARC21/slim">

  <leader>01728cam a2200313 a 4500</leader>
  <controlfield tag="001">17200210</controlfield>
  <controlfield tag="003">OSt</controlfield>
  <controlfield tag="005">20230419121121.0</controlfield>
  <controlfield tag="008">120229s2013    moua     b    001 0 eng  </controlfield>
  <datafield tag="010" ind1=" " ind2=" ">
    <subfield code="a">  2012008622</subfield>
  </datafield>
  <datafield tag="020" ind1=" " ind2=" ">
    <subfield code="a">9781437735826 (hardcover : alk. paper)</subfield>
  </datafield>
  <datafield tag="035" ind1=" " ind2=" ">
    <subfield code="a">(DNLM)101579299</subfield>
  </datafield>
  <datafield tag="040" ind1=" " ind2=" ">
    <subfield code="a">DNLM/DLC</subfield>
    <subfield code="c">LC</subfield>
    <subfield code="d">DLC</subfield>
  </datafield>
  <datafield tag="042" ind1=" " ind2=" ">
    <subfield code="a">pcc</subfield>
  </datafield>
  <datafield tag="050" ind1="0" ind2="0">
    <subfield code="a">RM301.L52</subfield>
  </datafield>
  <datafield tag="082" ind1="0" ind2="0">
    <subfield code="a">615/.1</subfield>
    <subfield code="2">23</subfield>
  </datafield>
  <datafield tag="100" ind1="1" ind2=" ">
    <subfield code="a">Lehne, Richard A.,</subfield>
    <subfield code="9">1246</subfield>
  </datafield>
  <datafield tag="245" ind1="1" ind2="0">
    <subfield code="a">Pharmacology for nursing care. /</subfield>
    <subfield code="c">Richard A. Lehne ; in consultation with Linda A. Moore, Leanna J. Crosby, Diane B. Hamilton.</subfield>
  </datafield>
  <datafield tag="250" ind1=" " ind2=" ">
    <subfield code="a">8th ed.</subfield>
  </datafield>
  <datafield tag="260" ind1=" " ind2=" ">
    <subfield code="a">St. Louis, Mo.:</subfield>
    <subfield code="b">Elsevier/Saunders,</subfield>
    <subfield code="c">2013.</subfield>
  </datafield>
  <datafield tag="300" ind1=" " ind2=" ">
    <subfield code="a">x, 1467 p. :</subfield>
    <subfield code="b">col. ill. ;</subfield>
    <subfield code="c">29 cm.</subfield>
  </datafield>
  <datafield tag="504" ind1=" " ind2=" ">
    <subfield code="a">Includes bibliographical references and index.</subfield>
  </datafield>
  <datafield tag="505" ind1=" " ind2=" ">
    <subfield code="a">Contents: Introduction -- Basic principles of pharmacology -- Drug therapy across the life span -- Peripheral nervous system drugs -- Central nervous system drugs -- Drugs that affect fluid and electrolyte balance -- Drugs that affect the heart, blood vessels and blood -- Drugs for endocrine disorders -- Women's health -- Men's health -- Anti-inflammatory, antiallergic and immunologic drugs -- Drugs for bone and joint disorders -- Respiratory tract drugs -- Gastrointestinal drugs -- Nutrition -- Chemotherapy of infectious diseases -- Chemotherapy of parasitic diseases -- Cancer chemotherapy -- Additional important drugs -- Alternative therapy -- Toxicology -- </subfield>
  </datafield>
  <datafield tag="650" ind1="1" ind2="2">
    <subfield code="a">Pharmacology</subfield>
    <subfield code="v">Nurses' Instruction.</subfield>
    <subfield code="9">1247</subfield>
  </datafield>
  <datafield tag="650" ind1="2" ind2="2">
    <subfield code="a">Drug Therapy</subfield>
    <subfield code="v">Nurses' Instruction.</subfield>
    <subfield code="9">1202</subfield>
  </datafield>
  <datafield tag="650" ind1="2" ind2="2">
    <subfield code="a">Pharmaceutical Preparations</subfield>
    <subfield code="v">Nurses' Instruction.</subfield>
    <subfield code="9">1201</subfield>
  </datafield>
  <datafield tag="906" ind1=" " ind2=" ">
    <subfield code="a">7</subfield>
    <subfield code="b">cbc</subfield>
    <subfield code="c">orignew</subfield>
    <subfield code="d">1</subfield>
    <subfield code="e">ecip</subfield>
    <subfield code="f">20</subfield>
    <subfield code="g">y-gencatlg</subfield>
  </datafield>
  <datafield tag="942" ind1=" " ind2=" ">
    <subfield code="2">lcc</subfield>
    <subfield code="c">BK</subfield>
  </datafield>
  <datafield tag="999" ind1=" " ind2=" ">
    <subfield code="c">9522</subfield>
    <subfield code="d">17022</subfield>
  </datafield>
  <datafield tag="952" ind1=" " ind2=" ">
    <subfield code="0">0</subfield>
    <subfield code="1">0</subfield>
    <subfield code="2">lcc</subfield>
    <subfield code="4">0</subfield>
    <subfield code="7">0</subfield>
    <subfield code="a">WIUC-KL</subfield>
    <subfield code="b">WIUC-KL</subfield>
    <subfield code="c">NURS L.</subfield>
    <subfield code="d">2023-02-09</subfield>
    <subfield code="l">0</subfield>
    <subfield code="o">RM301.L52(8e)</subfield>
    <subfield code="p">KSN/1200/147/23</subfield>
    <subfield code="r">2023-04-19 00:00:00</subfield>
    <subfield code="w">2023-04-19</subfield>
    <subfield code="y">BK</subfield>
  </datafield>
</record>
